| 000 | 004520000a22001810004500 | ||
|---|---|---|---|
| 003 | MACL | ||
| 005 | 20150901151938.0 | ||
| 008 | 150901b xxu||||| |||| 00| 0 eng d | ||
| 040 |
_aMACL _cMACL |
||
| 041 | _aEnglish | ||
| 082 | _a800 | ||
| 100 |
_aLokeswarananda, Swami _98348 |
||
| 245 |
_aThe Perennial Vivekananda _bA Selection |
||
| 260 |
_bSahitya Akademi _c1988 _aNew Delhi |
||
| 350 | _a30 | ||
| 650 |
_aLiterature _98349 |
||
| 942 |
_cBK _k800 _2ddc |
||
| 999 |
_c6266 _d6266 |
||